00286nam a2200121Ia 4500003000400000005001700004008004100021020000700062040002000069100001600089245004900105260001000154OSt20240319145554.0170523s9999 xx 000 0 und d aNA cIIMT UNIVERSITY aGupta- R.P. 0aVaidhut avem Electronic Abhiyantriki Samagri aAsian